[Event "Landesklasse West 2014/2015"]
[Site "?"]
[Date "2014.12.21"]
[Round "5"]
[White "Will, Ralph"]
[Black "Pfitzenreuter, Gerald"]
[Result "0-1"]
[WhiteElo "1785"]
[BlackElo "1863"]
[PlyCount "84"]
[EventDate "2014.??.??"]

1. d4 d5 2. c4 e6 3. Nf3 c6 4. Qc2 Nd7 5. g3 Ngf6 6. Bg2 Bd6 7. O-O O-O 8. Bg5
h6 9. Bxf6 Nxf6 10. Nbd2 Qe7 11. Rfe1 b6 12. a3 Bb7 13. b4 c5 14. bxc5 bxc5 15.
Qa4 Rfc8 16. Rab1 Ne4 17. Nxe4 dxe4 18. Nd2 f5 19. e3 Qc7 20. Rec1 Bc6 21. Qa6
Rab8 22. Rxb8 Rxb8 23. Rb1 Rxb1+ 24. Nxb1 Qb7 25. Qxb7 Bxb7 26. Bf1 Bc6 27. f3
exf3 28. Kf2 g5 29. Bd3 Kf7 30. Bc2 Kf6 31. Nd2 cxd4 32. exd4 Bxa3 33. Nxf3 Bb2
34. Ke2 Bxf3+ 35. Kxf3 Bxd4 36. h3 e5 37. g4 e4+ 38. Ke2 Ke5 39. Ba4 f4 40. Bc6
f3+ 41. Kf1 Kf4 42. Ke1 e3 0-1

[Event "Landesklasse West 2014/2015"]
[Site "?"]
[Date "2014.12.21"]
[Round "5"]
[White "Seeboth, Paul"]
[Black "v.d. Weth-v. Nordheim, Petra"]
[Result "1/2-1/2"]
[WhiteElo "1819"]
[BlackElo "1795"]
[PlyCount "84"]
[EventDate "2014.??.??"]

1. d4 d5 2. c4 e6 3. Nc3 c6 4. e3 Nd7 5. b3 f5 6. Bb2 Ngf6 7. Bd3 Ne4 8. Nf3
Bd6 9. Qc2 O-O 10. O-O-O Qf6 11. Kb1 Qh6 12. g3 Ndf6 13. Rdf1 Ng4 14. Nd1 Ngf6
15. Ne5 Bxe5 16. dxe5 dxc4 17. bxc4 Nd7 18. Bxe4 fxe4 19. Qxe4 Nc5 20. Qc2 b6
21. Nc3 Ba6 22. Rd1 Bxc4 23. Rd4 b5 24. Ba3 Na6 25. Bxf8 Rxf8 26. Rh4 Nb4 27.
Qd2 Qg6+ 28. Ka1 Qf5 29. Qd6 Nc2+ 30. Kb2 Qxf2 31. Ne4 Qf3 32. Rc1 Nxe3 33. Qd2
Nd5 34. Nd6 Qe3 35. Qxe3 Nxe3 36. Rf4 Bd5 37. Rxf8+ Kxf8 38. Re1 Nc4+ 39. Nxc4
Bxc4 40. a3 Bd5 41. Kc3 Ke7 42. Kd4 a5 1/2-1/2

[Event "Landesklasse West 2014/2015"]
[Site "?"]
[Date "2014.12.21"]
[Round "5"]
[White "Müller, Bernd"]
[Black "Löffelholz, Christian"]
[Result "1-0"]
[WhiteElo "1702"]
[BlackElo "1677"]
[PlyCount "115"]
[EventDate "2014.??.??"]

1. e4 c5 2. Nf3 d6 3. d4 cxd4 4. Nxd4 e5 5. Nb3 Be6 6. Nc3 Nf6 7. f4 Nc6 8. f5
Bxb3 9. axb3 a6 10. Be3 b5 11. Bd3 Be7 12. O-O Nb4 13. Be2 d5 14. exd5 Nbxd5
15. Bf2 Nxc3 16. bxc3 Qc8 17. Qd3 e4 18. Qg3 O-O 19. Bd4 Bc5 20. Rac1 Rd8 21.
Qe5 Rd5 22. Qg3 Bxd4+ 23. cxd4 Rxd4 24. c4 Qd7 25. Qe5 Rc8 26. Rc2 bxc4 27.
Bxc4 Rd1 28. Bxf7+ Kxf7 29. Qe6+ Qxe6 30. fxe6+ Kxe6 31. Rxc8 Rd3 32. h3 e3 33.
Re1 Rxb3 34. Rc6+ Kd5 35. Rxa6 Kd4 36. Rd6+ Ke5 37. Ra6 Kf4 38. Ra7 g6 39. Rf7
Ke5 40. Kf1 Ke6 41. Ra7 h5 42. Ke2 Nd5 43. Ra6+ Kf5 44. Ra5 Ke4 45. Ra4+ Nb4
46. Rc1 Rb2+ 47. Kf1 Kd3 48. Rd1+ Rd2 49. Ra3+ Kc2 50. Re1 Nd3 51. Rxe3 Rd1+
52. Ke2 Nf4+ 53. Kf3 Rf1+ 54. Kg3 h4+ 55. Kg4 Kd2 56. Rf3 Nxg2 57. Ra2+ Ke1 58.
Rxg2 1-0

[Event "Landesklasse West 2014/2015"]
[Site "?"]
[Date "2014.12.21"]
[Round "5"]
[White "Stöber, Guido"]
[Black "Fuhrmann, Christian"]
[Result "0-1"]
[WhiteElo "1412"]
[BlackElo "1766"]
[PlyCount "84"]
[EventDate "2014.??.??"]

1. e4 c5 2. Nf3 Nc6 3. d4 cxd4 4. Nxd4 Nf6 5. Nc3 d6 6. Be2 e6 7. O-O Be7 8.
Be3 O-O 9. Qd2 a6 10. Rad1 Qc7 11. f4 Bd7 12. f5 e5 13. Nxc6 Bxc6 14. Bf3 Rac8
15. Rf2 b5 16. a3 Rfd8 17. Nd5 Bxd5 18. exd5 e4 19. Be2 Qxc2 20. Qd4 Qc5 21.
Qd2 Qc7 22. g4 Nd7 23. g5 Ne5 24. f6 Bf8 25. Qd4 Qc2 26. Bh5 Qc4 27. Qxc4 Rxc4
28. Bd4 Rd7 29. Bxe5 dxe5 30. Re2 Bc5+ 31. Kf1 e3 32. Kg2 Rh4 33. Rc2 Rxh5 34.
Rxc5 Rxg5+ 35. Kf3 gxf6 36. Kxe3 Kf8 37. Rc8+ Ke7 38. Ke4 Rg4+ 39. Kf3 Rf4+ 40.
Ke3 f5 41. Rc6 Rd6 42. Rc5 Kf6 0-1

[Event "Landesklasse West 2014/2015"]
[Site "?"]
[Date "2015.01.11"]
[Round "6"]
[White "Kuntze, Andreas"]
[Black "Scheftlein, Richard"]
[Result "1/2-1/2"]
[WhiteElo "1996"]
[BlackElo "2009"]
[PlyCount "106"]
[EventDate "2015.??.??"]
[WhiteTeam "Schachclub Rochade Leinefelde"]
[BlackTeam "ESV Lok Meiningen"]

1. e4 e6 2. d4 d5 3. Nc3 Bb4 4. e5 c5 5. a3 Bxc3+ 6. bxc3 Ne7 7. Qg4 O-O 8. Bd3
f5 9. exf6 Rxf6 10. Bg5 Rf7 11. Qh5 g6 12. Qd1 Nbc6 13. Nf3 Qf8 14. h4 c4 15.
Be2 h6 16. Bd2 Nf5 17. Qc1 Kh7 18. h5 gxh5 19. Rxh5 Rf6 20. Ne5 Nxe5 21. dxe5
Rg6 22. g4 Qg7 23. Rh1 Rxg4 24. Bxg4 Qxg4 25. Be3 Qe4 26. Rh3 Qg2 27. Rh5 Kg6
28. Rxf5 exf5 29. Bf4 Be6 30. Qe3 Qe4 31. Kd2 Qxe3+ 32. Kxe3 Rh8 33. Rh1 h5 34.
Rg1+ Kf7 35. Bg5 Rg8 36. f4 Ke8 37. Rh1 Rh8 38. Rh4 Kd7 39. Kd4 Bf7 40. Rh1 Ke6
41. Rb1 b6 42. Bh4 Rg8 43. Bg5 Be8 44. Rh1 Rh8 45. Bh4 Rh6 46. Rg1 Rg6 47. Bg5
Rg7 48. Rg2 h4 49. Rh2 Rh7 50. Rxh4 Rxh4 51. Bxh4 Ba4 52. Bd8 Bxc2 53. Bc7 Ba4
1/2-1/2

[Event "Landesklasse West 2014/2015"]
[Site "?"]
[Date "2015.01.11"]
[Round "6"]
[White "Lehmann, Peter"]
[Black "Kachel, Alfred"]
[Result "0-1"]
[WhiteElo "1934"]
[BlackElo "1951"]
[PlyCount "78"]
[EventDate "2015.??.??"]
[WhiteTeam "ESV Lok Meiningen"]
[BlackTeam "Schachclub Rochade Leinefelde"]

1. d4 d5 2. Nf3 c6 3. e3 Nf6 4. Nbd2 Bg4 5. c4 e6 6. Be2 Nbd7 7. Ne5 Nxe5 8.
dxe5 Bxe2 9. Qxe2 Nd7 10. f4 Qh4+ 11. g3 Qh3 12. Nf3 Be7 13. Bd2 O-O 14. cxd5
cxd5 15. Rc1 Rac8 16. Nd4 Nc5 17. Qf1 Qg4 18. Qe2 Qh3 19. Qf1 Qh5 20. Qe2 Qg6
21. O-O Ne4 22. Rfd1 h5 23. Be1 a6 24. Kg2 Bc5 25. Nf3 Qg4 26. Rc2 Bb6 27. Rdc1
Rxc2 28. Rxc2 Rd8 29. Bb4 Rd7 30. a4 Rc7 31. Rxc7 Bxc7 32. Qc2 Bb6 33. Qc8+ Kh7
34. Qxb7 Bxe3 35. Qxf7 h4 36. Ng5+ Nxg5 37. fxg5 h3+ 38. Kf1 Qd1+ 39. Be1 Qd3#
0-1

[Event "Landesklasse West 2014/2015"]
[Site "?"]
[Date "2015.01.11"]
[Round "6"]
[White "Frank, Thomas"]
[Black "Jörges, Frank"]
[Result "1/2-1/2"]
[WhiteElo "1922"]
[BlackElo "1822"]
[PlyCount "67"]
[EventDate "2015.??.??"]
[WhiteTeam "Schachclub Rochade Leinefelde"]
[BlackTeam "ESV Lok Meiningen"]

1. d4 d5 2. c4 e6 3. Nc3 Nf6 4. cxd5 exd5 5. Bg5 Nbd7 6. e3 Be7 7. Qc2 c6 8.
Bd3 O-O 9. Nge2 Re8 10. O-O Nf8 11. f3 Ng6 12. Rad1 Nh5 13. Bxe7 Qxe7 14. e4
dxe4 15. fxe4 Qg5 16. Qd2 Qh4 17. Rf2 Nf6 18. g3 Qh5 19. Nf4 Nxf4 20. Qxf4 Qg4
21. Rdf1 Qxf4 22. Rxf4 Be6 23. b3 Rad8 24. Ne2 Re7 25. e5 Nd5 26. Re4 g6 27. g4
Red7 28. h3 Kg7 29. Bb1 Rf8 30. Kh2 Rfd8 31. Kg3 Rf8 32. Rf2 Rfd8 33. Rf1 Rf8
34. Rf2 1/2-1/2

[Event "Landesklasse West 2014/2015"]
[Site "?"]
[Date "2015.01.11"]
[Round "6"]
[White "Grube, Jan"]
[Black "Petiko, Jakob"]
[Result "0-1"]
[WhiteElo "1821"]
[BlackElo "1919"]
[PlyCount "88"]
[EventDate "2015.??.??"]
[WhiteTeam "ESV Lok Meiningen"]
[BlackTeam "Schachclub Rochade Leinefelde"]

1. c4 Nf6 2. d4 d6 3. Nc3 c6 4. e4 Nbd7 5. Bd3 e5 6. Nge2 Be7 7. O-O O-O 8. Bc2
Re8 9. d5 c5 10. Ng3 Bf8 11. Qd3 g6 12. Bg5 h6 13. Bd2 Bg7 14. Nb5 Nf8 15. Qa3
a6 16. b4 Bg4 17. Nc3 b6 18. bxc5 bxc5 19. Rab1 Qc7 20. Rb3 Reb8 21. Rfb1 Rxb3
22. Rxb3 Nh5 23. h3 Bc8 24. Nxh5 gxh5 25. Ne2 h4 26. Ba5 Qe7 27. Rb6 Ng6 28.
Bd2 Qf6 29. Qc1 Kh7 30. f4 exf4 31. Bxf4 Ne5 32. Bxe5 Qxe5 33. Qf4 Qh5 34. e5+
Kg8 35. Rxd6 Bxh3 36. Qe4 Bg4 37. Nf4 Qxe5 38. Qh7+ Kf8 39. Nd3 Qxd6 40. Qe4
Bd4+ 41. Kf1 Qg3 42. Qh7 Qe3 43. Qxf7+ Kxf7 44. Ne5+ Qxe5 0-1

[Event "Landesklasse West 2014/2015"]
[Site "?"]
[Date "2015.01.11"]
[Round "6"]
[White "Pfitzenreuter, Gerald"]
[Black "Rosenberg, Erik"]
[Result "1-0"]
[WhiteElo "1863"]
[BlackElo "1633"]
[PlyCount "85"]
[EventDate "2015.??.??"]
[WhiteTeam "Schachclub Rochade Leinefelde"]
[BlackTeam "ESV Lok Meiningen"]

1. d4 d5 2. Nf3 c6 3. c4 Nf6 4. cxd5 cxd5 5. Nc3 e6 6. Bf4 Nc6 7. e3 Bd7 8. Rc1
a6 9. Bd3 Be7 10. O-O O-O 11. Ne5 Rc8 12. Qf3 Re8 13. g4 h6 14. g5 hxg5 15.
Bxg5 Nxe5 16. dxe5 Nh7 17. Bxe7 Qxe7 18. Qh5 g6 19. Qg4 Kg7 20. h4 Rh8 21. Ne2
Bc6 22. Nd4 Nf8 23. Qg5 Qxg5+ 24. hxg5 Nd7 25. f4 Nb8 26. Kg2 Rh7 27. Rh1 Rch8
28. Rxh7+ Kxh7 29. Rh1+ Kg7 30. Rxh8 Kxh8 31. Kf2 Kg8 32. Ke2 Bd7 33. Kd2 Nc6
34. Nxc6 Bxc6 35. Kc3 Kf8 36. Kb4 Ke7 37. Kc5 Kd8 38. Bxa6 Kc7 39. Bb5 b6+ 40.
Kb4 Kb7 41. a4 Kc7 42. Bxc6 Kxc6 43. a5 1-0

[Event "Landesklasse West 2014/2015"]
[Site "?"]
[Date "2015.01.11"]
[Round "6"]
[White "Webel, Peter"]
[Black "Seeboth, Paul"]
[Result "1/2-1/2"]
[WhiteElo "1724"]
[BlackElo "1819"]
[PlyCount "41"]
[EventDate "2015.??.??"]
[WhiteTeam "ESV Lok Meiningen"]
[BlackTeam "Schachclub Rochade Leinefelde"]

1. d4 d5 2. c4 e6 3. Nc3 c6 4. e3 Bd6 5. Nf3 f5 6. cxd5 exd5 7. Ne5 Nf6 8. Be2
O-O 9. f4 Be6 10. O-O b5 11. Bd2 a6 12. Rc1 Qb6 13. Qb3 Ne4 14. Nxe4 fxe4 15.
Bb4 Rd8 16. Bxd6 Rxd6 17. Qb4 Qd8 18. Rc5 Bc8 19. Rfc1 Bb7 20. Bg4 a5 21. Qe1
1/2-1/2

[Event "Landesklasse West 2014/2015"]
[Site "?"]
[Date "2015.01.11"]
[Round "6"]
[White "Löffelholz, Christian"]
[Black "Hänisch, Christoph"]
[Result "0-1"]
[WhiteElo "1677"]
[BlackElo "1681"]
[PlyCount "58"]
[EventDate "2015.??.??"]
[WhiteTeam "Schachclub Rochade Leinefelde"]
[BlackTeam "ESV Lok Meiningen"]

1. e4 c6 2. d4 d5 3. Nc3 dxe4 4. Nxe4 Nd7 5. Nf3 Ngf6 6. Ng3 e6 7. c3 Be7 8.
Bd3 Qc7 9. Qc2 b6 10. Be3 Bb7 11. O-O-O h6 12. Rhe1 O-O-O 13. Kb1 c5 14. Qa4
Kb8 15. Bb5 g5 16. h3 Bd6 17. Re2 Nd5 18. Red2 Nxe3 19. Bxd7 Nxd1 20. Qxd1 Bf4
21. Ne5 Rxd7 22. Nxd7+ Qxd7 23. Re2 Bxg2 24. Qd3 Bxh3 25. a3 cxd4 26. cxd4 Rd8
27. Re4 Bg2 28. Re1 Qxd4 29. Qa6 Qd3+ 0-1

[Event "Landesklasse West 2014/2015"]
[Site "?"]
[Date "2015.01.11"]
[Round "6"]
[White "Kühn, Gustav"]
[Black "Stöber, Guido"]
[Result "0-1"]
[WhiteElo "982"]
[BlackElo "1412"]
[PlyCount "82"]
[EventDate "2015.??.??"]
[WhiteTeam "ESV Lok Meiningen"]
[BlackTeam "Schachclub Rochade Leinefelde"]

1. e4 e5 2. Nf3 Nc6 3. Bc4 Bc5 4. c3 Nf6 5. d4 exd4 6. cxd4 Bb4+ 7. Nc3 Nxe4 8.
O-O Nxc3 9. bxc3 Be7 10. Re1 d5 11. Bd3 O-O 12. Ng5 Bxg5 13. Qh5 h6 14. Bxg5
Qxg5 15. Qxg5 hxg5 16. Re3 Be6 17. Rae1 Rae8 18. Rg3 Bd7 19. Ree3 Rxe3 20. fxe3
f6 21. Bg6 Ne7 22. Bd3 Re8 23. Rf3 Nc6 24. Bg6 Re7 25. Kf2 Na5 26. h3 Nc4 27.
g4 Nd2 28. Rg3 Be8 29. Bd3 Ne4+ 30. Bxe4 Rxe4 31. Rg1 b6 32. a3 c5 33. Rb1 cxd4
34. cxd4 Re6 35. Ke2 Rc6 36. Kd2 Bg6 37. Rf1 Rc2+ 38. Ke1 Ra2 39. Rf2 Rxa3 40.
Rd2 Rxe3+ 41. Re2 Rxh3 0-1

[Event "Landesklasse West 2014/2015"]
[Site "?"]
[Date "2015.01.11"]
[Round "6"]
[White "Klingler, Lutz"]
[Black "Recknagel, Michael"]
[Result "1/2-1/2"]
[WhiteElo "1945"]
[BlackElo "2164"]
[PlyCount "113"]
[EventDate "2015.??.??"]
[WhiteTeam "SV Schmalkalden 04"]
[BlackTeam "SC Suhl"]

1. f4 d5 2. Nf3 Nf6 3. e3 Bg4 4. Be2 c6 5. b3 Nbd7 6. Bb2 Qc7 7. Ne5 Bxe2 8.
Qxe2 e6 9. d3 Bd6 10. Nxd7 Qxd7 11. Nd2 Qe7 12. Nf3 Bb4+ 13. Nd2 O-O 14. O-O
Nd7 15. Nf3 f5 16. Ne5 Nf6 17. Rf3 Bd6 18. a4 Rae8 19. Rg3 Qc7 20. h3 Re7 21.
Kh1 Nd7 22. Nxd7 Rxd7 23. d4 Be7 24. Rf3 Rc8 25. Rff1 Bf6 26. g3 c5 27. c3 g5
28. Rac1 c4 29. b4 Kh8 30. Rg1 Rg7 31. Rg2 Rcg8 32. Rcg1 Qe7 33. Bc1 Rg6 34.
Bd2 Qg7 35. Be1 Rh6 36. Rh2 Be7 37. Rgg2 Rg6 38. Kg1 Bf6 39. Kf1 Qd7 40. a5 a6
41. Kg1 Bd8 42. Kf1 Bc7 43. h4 gxf4 44. exf4 Rg4 45. Qe3 Kg7 46. Re2 Kf7 47.
Bf2 R8g6 48. Ke1 Qa4 49. Rd2 Qa1+ 50. Ke2 Qb1 51. Rh3 Rg8 52. Rd1 Qb3 53. Rd2
Bd6 54. Rh1 Qa4 55. Re1 Re8 56. Kf1 Qb5 57. Rde2 1/2-1/2

[Event "Landesklasse West 2014/2015"]
[Site "?"]
[Date "2015.01.11"]
[Round "6"]
[White "Silberschlag, Jörg"]
[Black "Lesser, Thomas"]
[Result "1-0"]
[WhiteElo "2101"]
[BlackElo "1857"]
[PlyCount "67"]
[EventDate "2015.??.??"]
[WhiteTeam "SC Suhl"]
[BlackTeam "SV Schmalkalden 04"]

1. e4 e5 2. Nf3 Nc6 3. Bb5 a6 4. Ba4 Bc5 5. O-O b5 6. Bb3 Nf6 7. Nxe5 Nxe5 8.
d4 Bxd4 9. Qxd4 Nc6 10. Qd1 O-O 11. f3 h6 12. Nc3 d6 13. a4 b4 14. Nd5 a5 15.
Bf4 Ba6 16. Rf2 Ne5 17. Rd2 Nc4 18. Rd4 Nxd5 19. Rxd5 Qf6 20. Bxc4 Bxc4 21. Rd4
Qxf4 22. Rxc4 c5 23. Qd3 Rfd8 24. b3 Qe5 25. Rd1 Kf8 26. g3 g5 27. Qf1 Ke7 28.
Rd5 Qe6 29. Qf2 Rg8 30. Rd1 Rg6 31. e5 dxe5 32. Qxc5+ Ke8 33. Rd5 f6 34. Rd6
1-0

[Event "Landesklasse West 2014/2015"]
[Site "?"]
[Date "2015.01.11"]
[Round "6"]
[White "Bamberg, Alexander"]
[Black "Berghof, Axel"]
[Result "0-1"]
[WhiteElo "1851"]
[BlackElo "2046"]
[PlyCount "156"]
[EventDate "2015.??.??"]
[WhiteTeam "SV Schmalkalden 04"]
[BlackTeam "SC Suhl"]

1. e4 e6 2. d4 d5 3. Nc3 Nf6 4. e5 Nfd7 5. f4 c5 6. Nf3 Nc6 7. Be3 cxd4 8. Nxd4
Bc5 9. Qd2 a6 10. O-O-O Nxd4 11. Bxd4 Bxd4 12. Qxd4 Qb6 13. Qxb6 Nxb6 14. b3
Bd7 15. Bd3 Rc8 16. Ne2 Ke7 17. Nd4 Rc3 18. Kd2 Rc7 19. Rhe1 g6 20. Re3 h5 21.
Rh3 Rcc8 22. Re1 Bc6 23. Ree3 Nd7 24. Rh4 Nb8 25. Reh3 Rhg8 26. g4 hxg4 27.
Rxg4 Rh8 28. Rgh4 Rxh4 29. Rxh4 Be8 30. Rh8 Nc6 31. Nxc6+ bxc6 32. Bxa6 Ra8 33.
Bd3 Rxa2 34. Rh7 Kd8 35. Kc3 c5 36. Rh8 Ke7 37. Rh7 Ra1 38. Kd2 Rg1 39. h4 d4
40. h5 Rg2+ 41. Ke1 gxh5 42. Rxh5 Rg3 43. Kf2 Re3 44. Rg5 Rh3 45. Rg3 Rh4 46.
Kf3 Bc6+ 47. Be4 Bd5 48. Bxd5 exd5 49. Rg2 Ke6 50. Kg3 Rh6 51. Rd2 Kf5 52. b4
Rg6+ 53. Kf3 Rg4 54. bxc5 Rxf4+ 55. Kg3 Kxe5 56. Rh2 Re4 57. Rh5+ Ke6 58. Rh6+
f6 59. Rh8 Re3+ 60. Kf4 Rc3 61. Re8+ Kd7 62. Re2 Kc6 63. Re6+ Kxc5 64. Rxf6
Rxc2 65. Kf3 Kc4 66. Rc6+ Kd3 67. Rd6 Rc5 68. Ra6 Kd2 69. Ra2+ Rc2 70. Ra5 Rc3+
71. Kf2 Rc8 72. Rxd5 Rf8+ 73. Kg3 d3 74. Rd7 Ke2 75. Re7+ Kd1 76. Rd7 d2 77.
Rd6 Rc8 78. Kf2 Kc1 0-1

[Event "Landesklasse West 2014/2015"]
[Site "?"]
[Date "2015.01.11"]
[Round "6"]
[White "Feld-Gerdes, Wolfgang"]
[Black "Wissel, Daniel"]
[Result "1-0"]
[WhiteElo "2035"]
[BlackElo "1839"]
[PlyCount "51"]
[EventDate "2015.??.??"]
[WhiteTeam "SC Suhl"]
[BlackTeam "SV Schmalkalden 04"]

1. e4 b6 2. d4 Bb7 3. Bd3 Nf6 4. Qe2 e6 5. Nf3 d5 6. e5 Nfd7 7. c3 c5 8. a3 c4
9. Bc2 b5 10. Nbd2 Qa5 11. Rb1 Nc6 12. Nf1 Be7 13. Ng3 O-O-O 14. O-O h6 15. Bd2
Qb6 16. Be3 Qc7 17. b3 Qa5 18. a4 cxb3 19. Bxb3 bxa4 20. Ba2 Ba6 21. c4 Nb6 22.
Rfc1 Ba3 23. Bd2 Bb4 24. Bxb4 Nxb4 25. cxd5+ Kb8 26. Qd2 1-0

[Event "Landesklasse West 2014/2015"]
[Site "?"]
[Date "2015.01.11"]
[Round "6"]
[White "Krannich, Steffen"]
[Black "Koch, Stefan"]
[Result "0-1"]
[WhiteElo "1810"]
[BlackElo "1851"]
[PlyCount "38"]
[EventDate "2015.??.??"]
[WhiteTeam "SV Schmalkalden 04"]
[BlackTeam "SC Suhl"]

1. d4 d5 2. Nf3 Bf5 3. g3 e6 4. c4 c6 5. Bg2 Nf6 6. O-O Nbd7 7. Nc3 Be7 8. Nd2
O-O 9. e4 dxe4 10. Ndxe4 Nxe4 11. Nxe4 Nf6 12. Nc3 Qb6 13. Qb3 Rfd8 14. Qxb6
axb6 15. Rd1 Bb4 16. a3 Bxc3 17. bxc3 Ra4 18. Bb2 Rxc4 19. a4 Ra8 0-1

[Event "Landesklasse West 2014/2015"]
[Site "?"]
[Date "2015.01.11"]
[Round "6"]
[White "Will, Ralph"]
[Black "Burkhardt, Christian"]
[Result "1/2-1/2"]
[WhiteElo "1785"]
[BlackElo "1667"]
[PlyCount "66"]
[EventDate "2015.??.??"]
[WhiteTeam "SC Suhl"]
[BlackTeam "SV Schmalkalden 04"]

1. d4 Nf6 2. c4 e6 3. Nf3 d5 4. g3 Be7 5. Bg2 O-O 6. Nc3 c6 7. O-O Nbd7 8. Bg5
h6 9. Bxf6 Nxf6 10. Ne5 Nd7 11. Nxd7 Bxd7 12. Qd3 f5 13. Rad1 Qc7 14. a3 Rf6
15. Rc1 Qd8 16. b4 Be8 17. e3 Bg6 18. f4 Bf7 19. Rfd1 dxc4 20. Qc2 Rc8 21. Kh1
h5 22. Qe2 b5 23. e4 fxe4 24. Nxe4 Rh6 25. Qe3 g6 26. Rf1 Kg7 27. Rcd1 Rh8 28.
Bh3 Rc7 29. Nc5 Bxc5 30. dxc5 Qf6 31. Rd6 Re8 32. Re1 a6 33. Qe4 Qc3 1/2-1/2

[Event "Landesklasse West 2014/2015"]
[Site "?"]
[Date "2015.01.11"]
[Round "6"]
[White "Müller, Bernd"]
[Black "Röder, Detlef"]
[Result "1/2-1/2"]
[WhiteElo "1702"]
[BlackElo "1610"]
[PlyCount "39"]
[EventDate "2015.??.??"]
[WhiteTeam "SC Suhl"]
[BlackTeam "SV Schmalkalden 04"]

1. e4 c6 2. d4 d5 3. e5 Bf5 4. h4 h6 5. g4 Bh7 6. e6 fxe6 7. Bd3 Bxd3 8. Qxd3
Nf6 9. Nf3 Ne4 10. Ne5 Nd7 11. Ng6 Rg8 12. f3 Nd6 13. Nf4 e5 14. Ne6 Qb6 15.
Qg6+ Nf7 16. c3 c5 17. g5 hxg5 18. h5 Rh8 19. Bxg5 cxd4 20. cxd4 1/2-1/2

[Event "Landesklasse West 2014/2015"]
[Site "?"]
[Date "2015.01.11"]
[Round "6"]
[White "Essegern, Kurt"]
[Black "Petiko, Nikolai"]
[Result "1/2-1/2"]
[WhiteElo "1977"]
[BlackElo "1956"]
[PlyCount "29"]
[EventDate "2015.??.??"]
[WhiteTeam "Randspringer Bad Salzungen"]
[BlackTeam "SV Breitenworbis"]

1. e4 d6 2. d4 g6 3. Nc3 Bg7 4. f4 Nf6 5. Nf3 c5 6. Bb5+ Bd7 7. e5 Ng4 8. exd6
O-O 9. Bxd7 Nxd7 10. O-O exd6 11. dxc5 dxc5 12. h3 Ngf6 13. f5 Re8 14. fxg6
hxg6 15. Bg5 1/2-1/2

[Event "Landesklasse West 2014/2015"]
[Site "?"]
[Date "2015.01.11"]
[Round "6"]
[White "Hellrung, Bernhard"]
[Black "Hübschmann, Holger"]
[Result "1/2-1/2"]
[WhiteElo "1867"]
[BlackElo "1879"]
[PlyCount "35"]
[EventDate "2015.??.??"]
[WhiteTeam "SV Breitenworbis"]
[BlackTeam "Randspringer Bad Salzungen"]

1. e4 g6 2. d4 d6 3. Bd3 Bg7 4. c3 c6 5. Be3 Nf6 6. h3 O-O 7. f4 Qb6 8. Qe2
Nbd7 9. Na3 c5 10. d5 e6 11. dxe6 fxe6 12. Nc4 Qc6 13. Nd2 Nh5 14. Qf3 Ne5 15.
fxe5 Rxf3 16. Ngxf3 dxe5 17. O-O b5 18. a4 1/2-1/2

[Event "Landesklasse West 2014/2015"]
[Site "?"]
[Date "2015.01.11"]
[Round "6"]
[White "Essegern, Uwe"]
[Black "Bötticher, Heinz-Wilfried"]
[Result "1/2-1/2"]
[WhiteElo "1860"]
[BlackElo "1825"]
[PlyCount "45"]
[EventDate "2015.??.??"]
[WhiteTeam "Randspringer Bad Salzungen"]
[BlackTeam "SV Breitenworbis"]

1. e4 c5 2. Nf3 Nc6 3. d4 cxd4 4. Nxd4 Nf6 5. Nc3 e5 6. Ndb5 d6 7. Bg5 a6 8.
Na3 b5 9. Nd5 Be7 10. Bxf6 Bxf6 11. c3 O-O 12. Nc2 Rb8 13. a4 bxa4 14. Ncb4
Nxb4 15. Nxb4 Bb7 16. Bxa6 Bxa6 17. Nxa6 Rxb2 18. O-O Qa5 19. Qxa4 Qxc3 20.
Rac1 Qb3 21. Qxb3 Rxb3 22. Nc7 Bg5 23. Rb1 1/2-1/2

[Event "Landesklasse West 2014/2015"]
[Site "?"]
[Date "2015.01.11"]
[Round "6"]
[White "Gast, Rainer"]
[Black "Schulz, Tilo"]
[Result "1/2-1/2"]
[WhiteElo "1829"]
[BlackElo "1881"]
[PlyCount "45"]
[EventDate "2015.??.??"]
[WhiteTeam "SV Breitenworbis"]
[BlackTeam "Randspringer Bad Salzungen"]

1. d4 Nf6 2. c4 e6 3. Nc3 Bb4 4. e3 b6 5. Bd3 Bb7 6. Nf3 O-O 7. O-O c5 8. Bd2
cxd4 9. exd4 d5 10. a3 Be7 11. Qe2 dxc4 12. Bxc4 Nbd7 13. Rac1 Re8 14. Rfd1 Rc8
15. Bb5 Rf8 16. Ba6 Bxa6 17. Qxa6 Ra8 18. Bf4 Qc8 19. Qxc8 Rfxc8 20. Ne5 Nf8
21. Bg5 Nd5 22. Bxe7 Nxe7 23. Nb5 1/2-1/2

[Event "Landesklasse West 2014/2015"]
[Site "?"]
[Date "2015.01.11"]
[Round "6"]
[White "Roth, Ralf"]
[Black "Vergin, Marcel"]
[Result "1/2-1/2"]
[WhiteElo "1797"]
[BlackElo "1793"]
[PlyCount "51"]
[EventDate "2015.??.??"]
[WhiteTeam "Randspringer Bad Salzungen"]
[BlackTeam "SV Breitenworbis"]

1. d4 Nf6 2. c4 d6 3. Nc3 Nbd7 4. e4 e5 5. d5 Nc5 6. Qc2 a5 7. f3 Be7 8. Be3
O-O 9. g3 Ne8 10. O-O-O Bg5 11. f4 Bh6 12. Bd3 Nf6 13. h3 Bd7 14. Qf2 Re8 15.
f5 Bxe3+ 16. Qxe3 c6 17. Nge2 cxd5 18. cxd5 b5 19. g4 b4 20. Nb1 Qb6 21. Kd2
Ba4 22. Rc1 Bb5 23. Bc2 a4 24. Ng3 b3 25. axb3 axb3 26. Bd1 1/2-1/2

[Event "Landesklasse West 2014/2015"]
[Site "?"]
[Date "2015.01.11"]
[Round "6"]
[White "Leibeling, Lucian"]
[Black "Feldmann, Bernd"]
[Result "1/2-1/2"]
[WhiteElo "1850"]
[BlackElo "1828"]
[PlyCount "26"]
[EventDate "2015.??.??"]
[WhiteTeam "SV Breitenworbis"]
[BlackTeam "Randspringer Bad Salzungen"]

1. c4 e6 2. d3 d5 3. Nd2 Nf6 4. Ngf3 Be7 5. g3 c6 6. Bg2 O-O 7. O-O Nbd7 8. e3
Ng4 9. h3 Nge5 10. Nxe5 Nxe5 11. Nf3 Nxf3+ 12. Qxf3 Bf6 13. Qe2 Qc7 1/2-1/2

[Event "Landesklasse West 2014/2015"]
[Site "?"]
[Date "2015.01.11"]
[Round "6"]
[White "Kunze, Heinz"]
[Black "Biel, Peter"]
[Result "1/2-1/2"]
[WhiteElo "1667"]
[BlackElo "1703"]
[PlyCount "36"]
[EventDate "2015.??.??"]
[WhiteTeam "Randspringer Bad Salzungen"]
[BlackTeam "SV Breitenworbis"]

1. e4 c5 2. Nf3 Nc6 3. d4 cxd4 4. Nxd4 Nf6 5. Nc3 e5 6. Ndb5 d6 7. Bg5 Be7 8.
Bxf6 gxf6 9. Nd5 O-O 10. Nbc7 Rb8 11. Nxe7+ Nxe7 12. Nd5 Qa5+ 13. b4 Qd8 14.
Nxf6+ Kg7 15. Nd5 Nxd5 16. Qxd5 Be6 17. Qd2 Qh4 18. Bd3 f5 1/2-1/2

[Event "Landesklasse West 2014/2015"]
[Site "?"]
[Date "2015.01.11"]
[Round "6"]
[White "Gast, Benedikt"]
[Black "Keilholz, Stefan"]
[Result "1/2-1/2"]
[WhiteElo "1498"]
[BlackElo "1321"]
[PlyCount "36"]
[EventDate "2015.??.??"]
[WhiteTeam "SV Breitenworbis"]
[BlackTeam "Randspringer Bad Salzungen"]

1. d4 d5 2. Bf4 Bf5 3. e3 e6 4. c4 Nf6 5. Nc3 dxc4 6. Bxc4 a6 7. h3 Be7 8. Nf3
O-O 9. Nh4 Bg6 10. Nxg6 hxg6 11. Qf3 c6 12. Ne4 Nxe4 13. Qxe4 Nd7 14. h4 Nf6
15. Qf3 Qa5+ 16. Kd1 Qh5 17. Be2 Qxf3 18. Bxf3 Nd5 1/2-1/2

[Event "Landesklasse West 2014/2015"]
[Site "?"]
[Date "2015.01.11"]
[Round "6"]
[White "Geißhirt, Marco"]
[Black "Minor, Viatcheslav"]
[Result "1-0"]
[WhiteElo "1941"]
[BlackElo "1991"]
[PlyCount "31"]
[EventDate "2015.??.??"]

1. a3 Nf6 2. Nf3 d5 3. c4 d4 4. d3 Bg4 5. Nbd2 Qd6 6. b4 Bxf3 7. Nxf3 b6 8. g3
Nbd7 9. Bg2 c6 10. Bf4 e5 11. Nxe5 Nxe5 12. Bxe5 Qxe5 13. Bxc6+ Kd8 14. Bxa8
Bd6 15. Qa4 Bb8 16. Qb5 1-0

[Event "Landesklasse West 2014/2015"]
[Site "?"]
[Date "2015.01.11"]
[Round "6"]
[White "Neef, Michael"]
[Black "Rommel, Uwe"]
[Result "1/2-1/2"]
[WhiteElo "1893"]
[BlackElo "1859"]
[PlyCount "31"]
[EventDate "2015.??.??"]

1. d4 g6 2. c4 Bg7 3. Nc3 d6 4. e4 Nd7 5. Be3 e5 6. d5 Ne7 7. Qd2 f5 8. f3 Nf6
9. Bd3 O-O 10. Nge2 fxe4 11. Nxe4 Nxe4 12. Bxe4 Nf5 13. O-O Nxe3 14. Qxe3 Qh4
15. Qf2 Qxf2+ 16. Kxf2 1/2-1/2